00615cam a22002052 4500001001100000005001700011008004100028020001500069040001500084100003000099245008400129250001300213260003400226300001900260650003400279650003100313700003200344700003000376852000300406000002083920151217154444.0111021s xx 000 0 eng d a0072829532 aKABUcKABU1 aShier, David.@000018146210aHole's human anatomy and physiology /cDavid Shier, Jackie Butler, Ricki Lewis. a11th ed. aBoston :bMcGraw-Hill,c2007. axxvii, 1043 p. 0aHuman physiology.@0000155597 0aHuman anatomy.@00001555981 aButler, Jackie.@00001814631 aLewis, Ricki.@00001552251